BIBLIOTECA PODER JUDICIAL
Portal Judicial TDF

Derecho civil : (Registro nro. 1714)

000 -LEADER
fixed length control field 00712nam a22002297a 4500
003 - CONTROL NUMBER IDENTIFIER
control field OSt
005 - DATE AND TIME OF LATEST TRANSACTION
control field 20190613125635.0
008 - FIXED-LENGTH DATA ELEMENTS--GENERAL INFORMATION
fixed length control field 180221b xxu||||| |||| 00| 0 spa d
040 ## - CATALOGING SOURCE
Transcribing agency PJ
100 ## - ASIENTO PRINCIPAL - NOMBRE DE PERSONA
Personal name Abelenda, César Augusto
9 (RLIN) 2629
245 10 - MENCIÓN DE TÍTULO
Título propiamente dicho Derecho civil :
Parte restante del título parte general /
Mención de responsabilidad, etc César Augusto Abelenda.
260 ## - PUBLICATION, DISTRIBUTION, ETC. (IMPRINT)
Place of publication, distribution, etc Buenos Aires :
Name of publisher, distributor, etc Astrea,
Date of publication, distribution, etc 1980.
300 ## - DESCRIPCION FISICA
Extent 2 v.
Dimensions 23 cm.
650 #0 - ASIENTO SECUNDARIO DE MATERIA - TERMINO TEMATICO
Topical term or geographic name as entry element DERECHO CIVIL
9 (RLIN) 352
650 #0 - ASIENTO SECUNDARIO DE MATERIA - TERMINO TEMATICO
Topical term or geographic name as entry element PRINCIPIOS GENERALES DEL DERECHO
9 (RLIN) 1676
650 #0 - ASIENTO SECUNDARIO DE MATERIA - TERMINO TEMATICO
Topical term or geographic name as entry element FUENTES DEL DERECHO
9 (RLIN) 2630
650 #0 - ASIENTO SECUNDARIO DE MATERIA - TERMINO TEMATICO
Topical term or geographic name as entry element INHABILITACIÓN (CIVIL)
9 (RLIN) 2343
650 #0 - ASIENTO SECUNDARIO DE MATERIA - TERMINO TEMATICO
Topical term or geographic name as entry element NOMBRE
9 (RLIN) 2538
650 #0 - ASIENTO SECUNDARIO DE MATERIA - TERMINO TEMATICO
Topical term or geographic name as entry element FIN DE LA EXISTENCIA DE LA PERSONA
9 (RLIN) 1274
650 #0 - ASIENTO SECUNDARIO DE MATERIA - TERMINO TEMATICO
Topical term or geographic name as entry element DOMICILIO
9 (RLIN) 2631
942 ## - ADDED ENTRY ELEMENTS (KOHA)
Source of classification or shelving scheme
Koha item type Libros
Classification part 347.1
Item part ABE
Existencias
Withdrawn status Lost status Source of classification or shelving scheme Damaged status Not for loan Permanent Location Current Location Date acquired Serial Enumeration / chronology Full call number Barcode Date last seen Price effective from Koha item type
          Biblioteca Poder Judicial Norte Biblioteca Poder Judicial Norte 2018-10-24 V. 1 347.1 ABE RG 3357 2024-11-28 2018-10-24 Libros
          Biblioteca Poder Judicial Norte Biblioteca Poder Judicial Norte 2018-10-24 V. 2 347.1 ABE RG 3350 2024-11-28 2018-10-24 Libros
          Biblioteca Poder Judicial Sur Biblioteca Poder Judicial Sur 2018-10-24 V. 1 347.1 ABE 0703 2018-10-24 2018-10-24 Libros
          Biblioteca Poder Judicial Sur Biblioteca Poder Judicial Sur 2018-10-24 V. 2 347.1 ABE 0704 2019-06-13 2018-10-24 Libros

12 de Octubre 789 Ushuaia - Tel:  54(02901)441571
Horario de Atención: 8.00 a 17.00 hs. 
bibliotecaush@justierradelfuego.gov.ar
koha@justierradelfuego.gov.ar
Seguinos en nuestras redes @bibliojustdf 

Con tecnología Koha